<The> Problem of the Conflict of Interest in the Public Sector - The Obstacle of Quality Performance of Human Capital in the SR

Konflikt záujmov vo verejnom sektore ako signifikantný atribút prekážajúci kvalitnému výkonu ľudského kapitálu na oboch stranách aktérov. Špecifikácia dostupných alternatív nástrojov a metód preventívneho predchádzania konfliktu záujmov.

Guardado en:
Detalles Bibliográficos
Autor principal: Dubcová, Gabriela, 1968-
Otros Autores: Kissová, Jana, 1979-
Formato: Capítulo de libro
Lenguaje:eslovaco
Materias:
Etiquetas: Agregar Etiqueta
Sin Etiquetas, Sea el primero en etiquetar este registro!

MARC

LEADER 00000naa$a2200000$$$4500
001 0250828
005 20240502083716.8
041 0 |a slo 
044 |a CZ 
245 1 0 |a <The> Problem of the Conflict of Interest in the Public Sector - The Obstacle of Quality Performance of Human Capital in the SR  |c Gabriela Dubcová, Jana Kissová 
520 |a Konflikt záujmov vo verejnom sektore ako signifikantný atribút prekážajúci kvalitnému výkonu ľudského kapitálu na oboch stranách aktérov. Špecifikácia dostupných alternatív nástrojov a metód preventívneho predchádzania konfliktu záujmov. 
610 2 0 |a konflikt záujmov 
610 2 0 |a zdroje ľudské 
610 2 0 |a výkony pracovné 
610 2 0 |a zamestnanci 
610 2 0 |a kvalita práce 
610 2 0 |a sektor verejný 
100 1 |a Dubcová, Gabriela, 1968- 
700 1 |a Kissová, Jana, 1979-